000 00360nam a2200133Ia 4500
999 _c15029
_d15029
082 _aRP.0201
100 _aPant, Ram Babu
245 0 _aImpact evaluation of the Small Farmers' Development Programme of Nepal
260 _c1991
300 _avi, 194
650 _aSMALL FARMERS DEVELOPMENT PROGRAMME - NEPAL
710 _aNepal Rastra Bank
942 _cRP
_2ddc